01005cam a2200241 a 450000100090000000300090000900500170001800800410003501000170007602000180009303500230011104000130013405000220014708200180016924501200018725000110030726000450031830000210036352002670038465000380065165000380068970000360072716190969MCNVHGJF20220326193251.0100401s2007 cr 000 0 spa  a 2010385289 a9789968963671 a(NcChVT)VT119CR274 aDLCcDLC00aPQ7486b.S67 2007 a861.08bS716s00aSostener la palabra :bantología de poesía costarricense contemporánea /cAdriano Corrales Arias, compilador. a1a ed. aSan José :bArboleda Ediciones,c2007. a322 p. ;c22 cm. aAn anthology of the verse of sixty-seven leading Costa Rican poets active during the past thirty years, including Alfonso Chase, Mía Gallegos, Helio Gallardo, Erick Gil Salas, Ana Istarú, Carlos Cortés, Adriano Corrales, Luis Chacón, and María Montero. 0aCosta Rican poetryy20th century. 0aCosta Rican poetryy21st century.1 aCorrales Arias, Adriano,d1958-